Представление документа в формате MARC21

Поле Инд. ПП Название Значение
Тип записи a
Библиографический уровень m
001 Контрольный номер RU/IS/BASE/416595861
005 Дата корректировки 20260505115059.6
008 Кодируемые данные 20130314
020 a ISBN 9785699005093
040 00 e Правила каталог. Л.М. 971202
084 a Индекс другой классификации/Индекс ББК 84(2=411.2)6-442
090 00 a Полочн. индекс Списана
x Авторский знак Н 624
097 00 a 210
100 10 a Автор Никитин Ю. А.
q Полное имя Никитин Юрий Александрович
245 00 a Заглавие Святой Грааль
b Продолж. заглавия фантастический роман
c Ответственность редактор Е. Тагирова; художник Е. Савченко
260 00 a Место издания Москва
b Издательство ЭКСМО
c Дата издания 2003
300 00 a Объем 544 с.
336 a Термин вида содержания Текст
337 a Термин типа средства непосредственный
650 a Основная рубрика художественная литература
653 00 a Ключевые слова XX век
a Ключевые слова Россия
a Ключевые слова русская литература
655 00 a Жанр/ форма (устаревшее) проза
a Жанр/ форма (устаревшее) роман
a Жанр/ форма (устаревшее) исторический роман
700 1_ a Автор Тагирова Е.
e Роль лиц редактор
700 1_ a Автор Савченко Е.
e Роль лиц художник
901 t Тип документа m
952 a Тип литературы для КСУ ВШ ЛХИ